| 000 | 00356 a2200109 4500 | ||
|---|---|---|---|
| 001 | ART_12822 | ||
| 005 | 20260410161733.0 | ||
| 008 | 260409a | ||
| 245 | 1 | 0 | _aDesregulación y privatización de empresas públicas en Argentina |
| 100 | 1 | _aFrediani, Ramón O. | |
| 773 | 0 |
_tEjecutivos de finanzas _g- Año 6, Nº 49 (sep. 1988) _wREV2863 |
|
| 999 |
_c18057 _d18057 |
||